| 000 | 00400nam a2200157 i 4500 | ||
|---|---|---|---|
| 001 | 23305 | ||
| 003 | ES-MaACL | ||
| 005 | 20230906152841.0 | ||
| 007 | t| | ||
| 008 | 021210s1909 fr ||||1| fre d | ||
| 100 | 1 |
_aAmade, Jean. _921069 |
|
| 245 | 1 | 0 |
_aPastoure et son maitre / _cJean Amade. |
| 260 |
_aParis : _bBernarl Grasset, _c1909. |
||
| 300 |
_a292 p. ; _c19 cm. |
||
| 852 |
_aES-MaACL _jF-9037 |
||
| 999 |
_c23305 _d23305 |
||